| 000 | 00650nam a2200229 4500 | ||
|---|---|---|---|
| 003 | OSt | ||
| 005 | 20260601193838.0 | ||
| 008 | 260420b1987 mx |||| |||| 00| 0 spa d | ||
| 020 | _a9688243310 | ||
| 040 |
_aICI _bspa _cICI |
||
| 050 |
_aRA967 _bE77 |
||
| 100 | _aEsteves Corona, Jose Luis, | ||
| 245 | 1 |
_aComo nace un hospital / _cJose Luis esteves Corona |
|
| 264 |
_bIMSS _cc1987 _aMéxico : |
||
| 300 | _a205 páginas | ||
| 336 |
_atexto _2rdacontent |
||
| 337 |
_asin medio _2rdamedia |
||
| 338 |
_avolumen _2rdacarrier |
||
| 650 |
_aEdificios sanitarios _xDiseño y construcción |
||
| 650 |
_aHospitales _xAdministración |
||
| 942 |
_2lcc _cB |
||
| 999 |
_c21316 _d21316 |
||